Formel 1 Podium 1953 - Statistiken

Allgemein
  • Dieses Quiz wurde 41 mal gespielt
  • Das Durchschnittsergebnis liegt bei 6 aus 11
Antwortstatistiken
Antwort % Korrekt
Alberto Ascari
100%
Juan Manuel Fangio
100%
Giuseppe Farina
96%
Bonetto / Gonzalez
68%
Jose Froilan Gonzalez
68%
Mike Hawthorn
64%
Bill Vukovich
32%
Luigi Villoresi
24%
Hanks / Carter
16%
Onofre Marimon
12%
Art Cross
0%
Keine übereinstimmenden Quizze gefunden
Verteilung der Resultate
Anzahl Personen mit jedem Resultat
Perzentil nach korrekt beantworteten Fragen
Ihre Resultats-Entwicklung
Sie haben dieses Quiz noch nicht gespielt